Słówka Klimatyczne Angielski - Statistics

General Stats
  • This quiz has been taken 8 times
    6 since last reset
  • The average score is 89 of 228
Answer Stats
PL Ang % Correct
zimno(zimny front) cold
100%
aerozol aerosol
67%
atmosfera atmosphere
67%
nietoperz bat
67%
(hot, mild, moderate) klimatgoracy, lagodny, umiarkowany climate
67%
zmiana klimatu climate change
67%
chmura cloud
67%
pochmurno cloudy
67%
krokodyl crocodile
67%
sucho dry
67%
płynąć flow
67%
kwiat flower
67%
mgła fog
67%
owoc fruit
67%
trawa grass
67%
rosnąć grow
67%
gorąco hot
67%
lód ice
67%
krajobraz landscape
67%
leżeć lie
67%
jaszczurka lizard
67%
meteorologia meteorology
67%
komar mosquito
67%
sadzić plant
67%
szczeniak puppy
67%
deszcz (freezing/heavy) rain
67%
deszczowo rainy
67%
róża rose
67%
piaszczysty sandy
67%
foka seal
67%
(dry, rainy/wet) pora season
67%
śnieg (heavy-obfity) / padać śnieg snow
67%
śnieżny snowy
67%
słońce sun
67%
słonecznik sunflower
67%
słonecznie sunny
67%
grzmot thunder
67%
ciepło warm
67%
mokro wet
67%
wiatr wind
67%
wietrzny windy
67%
powyżej above
33%
wchłaniać absorb
33%
~rolnictwo zrównoważony agriculture
33%
borsuk badger
33%
zatoka bay
33%
dziób beak
33%
wymierać become extinct
33%
chrząszcz beetle
33%
byc nastawiony pro-eko be green
33%
poniżej below
33%
być bliskim wyginięcia be on the brink of extinction
33%
wiać blow
33%
gałąź branch
33%
zapierający wdech w piersiach breathtaking
33%
lekki wiatr breeze
33%
rozpogadzać się,przejaśniać się brighten up
33%
byk bull
33%
krzak bush
33%
brzęczeć buzz
33%
dwutlenek węgla carbon dioxide
33%
ślad węglowy carbon footprint
33%
kasztan chestnut
33%
zimny, zimno chilly
33%
szympans chimpanzee
33%
rozpogadzać się, przejaśniać się clear up
33%
przybrzeżny coastal
33%
chronić środowisko naturalne conserve the enviroment
33%
zużywać, konsumować consume
33%
konsupcjonizm consumerism
33%
skażone powietrze contaminated air
33%
chłodno cool
33%
rafa koralowa coral reef
33%
występować na obszarze cover an area
33%
stworzenie creature
33%
uprawa crop
33%
korona(drzewa) crown
33%
wyciąć drzewo cut down a tree
33%
ograniczyć, redukować coś cut down on sth
33%
sarna deer
33%
wylesienie deforestation
33%
stopnie Celcjusza degrees Celsius
33%
~rozwój zrównoważony development
33%
obszar klęski disaster area
33%
jednorazowego użytku disposable
33%
usuwanie,pozbywanie się czegoś disposal of sth
33%
zwierzę domowe domestic animal
33%
spaść do zera drop to zero
33%
susza drought
33%
wysypisko śmieci dump
33%
ekologiczny ecological
33%
zagrożony endangered
33%
energooszczędny energy-saving
33%
środowisko naturalne enviroment
33%
ekolog environmentalist
33%
spaliny exhaust fumes
33%
wymarcie/wytępienie extinction
33%
ekstremalne warunkipogodowe extreme weather conditions
33%
pióro feather
33%
czuć się nieswojo feel like a fish outof water
33%
płetwa flipper
33%
wpadać do morza flow into a sea
33%
przepływać przez kraj flow througha country
33%
mglisty foggy
33%
prognozować forecast
33%
paliwo kopalne fossil fuel
33%
przenikliwie zimno freezing
33%
mróz frost
33%
mroźny frosty
33%
wydzielać tlen give off oxygen
33%
towary goods
33%
gaz cieplarniany greenhouse gas
33%
kwestie związane z ekologią green issues
33%
hodować rośliny grow plants
33%
świnka morska guinea pig
33%
środowisko życia habitat
33%
zając hare
33%
zbierać (plony) harvest
33%
upał heat
33%
kura hen
33%
roślina zielna herb
33%
śledź herring
33%
nie skrzywdziłby nawet muchy he wouldn`t hurt a fly
33%
pszczółka miodna honey bee
33%
róg horn
33%
wilgotno humid
33%
energia z hydro elektrowni hydroelectricity
33%
lodowaty icy
33%
na wolności in the wild
33%
kociak kitten
33%
jagnia lamb
33%
składowisko odpadów landfill site
33%
osuwisko landslide
33%
wystrzelić (np rakiete) launch
33%
liść leaf
33%
zostawić odkręcony kran leave the waterrunning
33%
wystartować (np rakiete) lift off
33%
piorun lighting
33%
lilia lily
33%
śmieci litter
33%
zaśmiecanie littering
33%
wygladać jak 7 nieszczęść look like smth the cat dragged in
33%
wspaniały magnificent
33%
ssak mammal
33%
klon maple
33%
topnieć melt
33%
meteorolog meteorologist
33%
lekka mgła mist
33%
mglisto misty
33%
górski (range-łańcuch/top-szczyt) moutain
33%
gaz ziemny natural gas
33%
zasoby naturalne natural resources
33%
negatywny wpływ na coś negative impact on sth
33%
nów (faza księżyca) new moon
33%
naturalny/ekologiczny organic
33%
wystąpić z brzegów overflow
33%
powłkoka ozonowa ozone layer
33%
żywność paczkowa packaged food
33%
opakowanie packaging
33%
benzyna petrol
33%
zbierać owoce pick fruit
33%
zanieczyszczenie (industrial) pollution
33%
mak poppy
33%
stanowić poważne zagrożenie (dla kogos) pose a serious threat
33%
lać (deszcz) pour down
33%
ciśnienie (air/high/low) pressure
33%
opady deszczu rainfall
33%
gad reptile
33%
wieloktronego użytku reusable
33%
wzrosnąć rise
33%
wzrost temp. rise in temperature
33%
podnoszący się poziom wody rising sea level
33%
ryczeć roar
33%
skality rocky
33%
korzeń root
33%
nierówny rugged
33%
wiejski rural
33%
łosoś salmon
33%
sardynka sardine
33%
pejzaź scenary
33%
ziarno seed
33%
zatrząść się shake
33%
świecić shine
33%
przelotny deszcz shower
33%
z przelotnymi opadami showery
33%
niebo (clear) sky
33%
zbocze/stok slope
33%
smog smog
33%
gleba soil
33%
skażenie gleby soil contamination
33%
przesilenie zimowo/letnie solstice
33%
segregować odpady sort waste
33%
gatunek species
33%
łodyga stem
33%
burza storm
33%
burzowo stormy
33%
strumień stream
33%
rozciągać się od czegoś stretch from sth to sth
33%
światło słoneczne sunshine
33%
otaczać surround
33%
nie naruszający równowagiekologicznej sustain
33%
nienaruszający równowagiekologicznej sustainable
33%
łabędź swan
33%
oswojony tame
33%
temperatura (average) temperature
33%
nie ma się tu gdzie obrócić there is not enough room to swing a cat
33%
gęsta mgła thick fog
33%
zagrażać threaten
33%
burza z piorunami thunderstorm
33%
burzowy (front) thundery
33%
bez końca till the cows come home
33%
korki traffic congestion
33%
pień trunk
33%
tulipan tulip
33%
tuńczyk tuna
33%
ochłodzić się turn colder
33%
ostateczne wyginięcie ultimate extinction
33%
fiołek violet
33%
ostrzegać przed czymś warn against sth
33%
odpady waste
33%
podlewać water
33%
droga wodna waterway
33%
pogoda (report , warning) weather
33%
dzik wild boar
33%
wierzba willow
33%
skrzydło wing
33%
sprzątać śmieci clean up litter
0%
plama ropy oil slick
0%
No matching quizzes found
Score Distribution
Percent of People with Each Score
Percentile by Number Answered
Your Score History
You have not taken this quiz since the last reset